[Event "NOR-ch 2018"]
[Site "Moss"]
[Date "2018.07.12"]
[Round "7"]
[White "Christiansen, Johan-Sebastian"]
[Black "Haldorsen, Benjamin"]
[Result "1/2-1/2"]
[WhiteElo "2506"]
[BlackElo "2423"]
[Annotator "TA"]
[PlyCount "56"]
[EventDate "2018.07.06"]
[EventCountry "NOR"]
[SourceTitle "playchess.com"]
[Source "ChessBase"]
[SourceQuality "1"]

{[%evp 20,56,35,25,32,39,27,16,34,9,31,0,121,131,190,175,175,193,315,319,300,93,3136,-1274,29988,-1495,56,-1538,1703,-1393,-70,-288,136,-774,-368,-1019,-466,-3181,29995]} 1. e4 c5 2. Nf3 e6 3. d4 cxd4 4. Nxd4 Nc6 {[%cal Bb8c6,Bc6e5,Be5g4][%mdl 32]} 5. Nc3 Qc7 6. Be3 a6 7. Qf3 {B48: Sicilian: Taimanov: 5 Nc3 Qc7 6 Be3 a6 without Be2} Ne5 8. Qg3 b5 {[%cal Bb7b5,Bb5b4][%mdl 32]} 9. O-O-O Nf6 10. f4 (10. a3 Bb7 11. Bxb5 Rc8 12. Ba4 Nxe4 13. Nxe4 Bxe4 14. Bf4 Qc4 15. Bxe5 Qxa4 {1-0 (38) Vachier Lagrave,M (2789)-Anand,V (2776) Karlsruhe/Baden-Baden 2018}) 10... Neg4 11. Bg1 {LiveBook: 46 Games. Strongly threatening e5.} h5 {Threatens to win with ...b4.} 12. e5 {Hoping for h3.} b4 $1 {[%cal Rb4c3]} 13. Na4 Nd5 14. h3 Nh6 15. f5 $146 {[%cal Bf4f5,Bf5e6][%mdl 32]} Qa5 (15... Bb7 $11 {remains equal.}) 16. b3 $16 h4 (16... Bb7 $16 {was necessary.}) 17. Qxh4 $18 Bb7 18. Bd3 Nc3 (18... Be7 $142 19. Qg3 Nc3) 19. fxe6 $1 Nxd1 20. Qh5 $2 (20. exd7+ $18 {and White stays clearly on top.} Kxd7 21. Kxd1) 20... Qxe5 $2 {[%mdl 8192]} ({Wrong is} 20... Bxg2 $2 21. exd7+ Kd8 22. Qg5+ (22. Kxd1 Bxh1 23. Nc6+ Bxc6 $11) 22... Kxd7 23. e6+ $1 {[%mdl 512]} (23. Kxd1 Bd5 $14) 23... Ke8 24. Qxa5 $18) (20... dxe6 $6 21. Nxe6 g6 22. Qxd1 $11) (20... Rd8 $16 21. exd7+ Rxd7 22. Qxd1 Qxe5) 21. Bh2 $4 {[%mdl 8192]} (21. exd7+ $18 Kxd7 22. Qxe5) 21... Qg5+ $4 {[%mdl 8192]} (21... Qxh5 $19 22. exd7+ Kd8 23. Rxd1 Bxg2) 22. Kb1 $4 {[%mdl 8192]} (22. Qxg5 {is the narrow road to win.} dxe6 23. Bb5+ $1 {[%mdl 512]} axb5 24. Qxb5+ Ke7 25. Qxb7+ Kf6 26. Qxa8 Nc3 27. Nxc3 bxc3 28. Qe4 Ba3+ 29. Kb1) 22... Be7 $2 (22... Qxh5 $19 23. exd7+ Kd8) 23. Re1 $2 {[%mdl 8192]} (23. exd7+ $14 Kxd7 24. Qxg5 Nc3+ 25. Nxc3 Bxg5 26. Na4) 23... Rd8 $4 {[%mdl 8192]} (23... Qxh5 $19 24. exf7+ Kf8) 24. Be5 $4 {[%mdl 8192]} (24. exd7+ $18 Kf8 25. Qxg5 Nc3+ 26. Nxc3 Rxd7 {[#]} 27. Rxe7 $1 {[%mdl 512]} Rxe7 28. Bd6) 24... Kf8 $2 (24... Qxh5 $19 25. Bxg7 fxe6 26. Bxh8 Nf7) 25. Qe2 $2 (25. Qxg5 $15 Bxg5 26. Rxd1 dxe6 27. Nc5) 25... Qxg2 $2 ({Resist} 25... dxe6 26. Rxd1 Bf6 27. Bxf6 $19) (25... Nc3+ $19 26. Nxc3 bxc3 27. exd7 Rxd7) 26. Bxg7+ $2 {[%mdl 8192]} (26. Qxd1 $16 Qxh3 27. exf7) 26... Kxg7 (26... Qxg7 $142 27. exf7 Qf6) 27. h4 $2 (27. Qxd1 Qf2 28. exf7) 27... fxe6 (27... Qxe2 $142 28. Nxe2 Ne3) 28. Qf2 (28. Qxd1 $142 Kf8 29. h5) 28... Qg1 $4 {[%mdl 40960] Precision: White = 56%, Black = 38%. . An unexpected result.} (28... Qxf2 $19 29. Rxd1 Qxd4) 1/2-1/2

[Event "NOR-ch 2018"]
[Site "Moss"]
[Date "2018.07.12"]
[Round "7"]
[White "Elsness, Frode"]
[Black "Mihajlov, Sebastian"]
[Result "1/2-1/2"]
[WhiteElo "2468"]
[BlackElo "2385"]
[Annotator "TA"]
[PlyCount "78"]
[EventDate "2018.07.06"]
[EventCountry "NOR"]
[SourceTitle "playchess.com"]
[Source "ChessBase"]
[SourceQuality "1"]

{[%evp 21,78,15,15,15,52,31,33,31,39,33,30,32,34,35,39,29,39,34,34,33,41,41,41,41,35,37,39,35,36,17,28,4,32,0,0,-148,-142,-152,-151,-147,-81,-86,-93,-125,-71,-73,-47,-93,-9,-17,-16,-44,-40,-26,0,-6,0,-22,0]} 1. d4 d5 2. c4 c6 3. cxd5 cxd5 4. Bf4 Nc6 5. e3 Nf6 6. Nc3 Bf5 7. Nf3 e6 8. Qb3 Bb4 9. Ne5 {D14: Slav Defence: Exchange variation with ...Bf5} O-O 10. Nxc6 Bxc3+ 11. bxc3 bxc6 {LiveBook: 4 Games} 12. Qa3 Nd7 $146 ({Predecessor:} 12... a5 13. Be2 Qb6 14. O-O Rfc8 15. Qb3 Qxb3 16. axb3 Ne4 17. Rfc1 {½-½ (17) Potkin,V (2606)-Rublevsky,S (2697) Dagomys 2010}) 13. Ba6 e5 14. dxe5 Qb6 15. O-O {[%cal Bh1f1,Bf1d1,Bd1d4][%mdl 32]} Rfe8 16. Rfd1 Nxe5 17. Rd4 Rab8 18. Rad1 Qb2 19. Qxb2 Rxb2 20. Bxe5 {Black must now prevent Bg3.} Rxe5 21. Rb4 Rxb4 22. cxb4 $14 {[%mdl 4096] Endgame KRB-KRB} Kf8 23. Rc1 Bd7 24. Kf1 Ke7 25. Rc3 Kd6 26. Ke2 Re8 27. Kd2 Rb8 28. Bd3 (28. Rb3 $11 {remains equal.}) 28... Rxb4 $17 29. Ra3 {[#]} Rb2+ $1 30. Ke1 {[#]} Rb7 ({Black should try} 30... g6 $1 31. Rxa7 c5) 31. Kd2 h6 32. h4 c5 (32... Rb2+ $142 33. Ke1 Rb7) 33. Kc3 Bc6 34. g3 g5 ({Better is} 34... c4 $17 35. Bc2 Kc5) 35. hxg5 hxg5 36. Ra5 f6 37. Ra6 Kc7 38. Bc2 Kd7 39. Bd1 Kc7 {Precision: White = 38%, Black = 47%.} 1/2-1/2

[Event "NOR-ch 2018"]
[Site "Moss"]
[Date "2018.07.12"]
[Round "7"]
[White "Johannessen, Leif Erlend"]
[Black "Moen, Andreas G R"]
[Result "1-0"]
[WhiteElo "2462"]
[BlackElo "2317"]
[Annotator "TA"]
[PlyCount "51"]
[EventDate "2018.07.06"]
[EventCountry "NOR"]
[SourceTitle "playchess.com"]
[Source "ChessBase"]
[SourceQuality "1"]

{[%evp 21,51,12,13,0,40,35,37,34,89,80,81,71,80,74,62,55,89,89,105,91,65,64,154,91,84,50,176,0,1297,1289,1263,1229]} 1. d4 d5 2. c4 c6 3. Nf3 Nf6 4. e3 e6 5. b3 Nbd7 6. Bd3 Bd6 7. Bb2 O-O {A06: Réti Opening:1 Nf3 d5} 8. O-O b6 9. Nbd2 Bb7 10. Ne5 (10. Qe2 c5 11. Rad1 Ne4 12. cxd5 exd5 13. Ba6 Bxa6 14. Qxa6 Re8 15. dxc5 Ndxc5 16. Qe2 Rc8 17. Rc1 Bf8 18. Rfd1 Qe7 {½-½ (45) Radjabov,T (2710)-Ding,L (2773) Moscow 2017}) 10... Qe7 11. f4 c5 {LiveBook: 8 Games} 12. cxd5 exd5 13. Qf3 Rad8 14. Rae1 $146 ({Predecessor:} 14. Qh3 Ne4 15. Nxe4 dxe4 {½-½ (44) Argandona Riveiro,I (2408)-San Segundo Carrillo,P (2511) El Sauzal 2010}) 14... Kh8 (14... Qe6 $14) 15. Bf5 {[#] Hoping for Nxd7.} Rfe8 16. Qh3 Nf8 17. Ndf3 {Black must now prevent Ng5.} Ne4 18. Nh4 Bxe5 19. dxe5 Bc8 {[#]} 20. Bxc8 $1 Rxc8 21. f5 {aiming for f6.} Qg5 ({Black should play} 21... Qd8 $14) 22. Rf4 ({White should try} 22. Nf3 Qd8 23. Rd1) 22... Qh6 $16 23. Rg4 Rc6 (23... Ng5 $14 24. Qg3 Ne4) 24. f6 $2 (24. e6 $1 $18 {[%cal Re6f7]} f6 25. Rd1) 24... Ng6 $2 {[%mdl 8192]} (24... g5 $11) 25. Nxg6+ $18 hxg6 26. Rh4 {Precision: White = 68%, Black = 34%.} 1-0

[Event "NOR-ch 2018"]
[Site "Moss"]
[Date "2018.07.12"]
[Round "7"]
[White "Holm, Kristian Stuvik"]
[Black "Urkedal, Frode Olav Olsen"]
[Result "1/2-1/2"]
[WhiteElo "2453"]
[BlackElo "2552"]
[Annotator "TA"]
[PlyCount "53"]
[EventDate "2018.07.06"]
[EventCountry "NOR"]
[SourceTitle "playchess.com"]
[Source "ChessBase"]
[SourceQuality "1"]

{[%evp 21,53,0,0,0,16,16,16,16,26,26,17,6,14,15,21,22,22,33,25,35,44,33,43,13,16,13,13,10,14,11,12,16,16,13]} 1. d4 Nf6 2. c4 e6 3. Nf3 b6 4. g3 Ba6 5. Qc2 Bb7 6. Bg2 c5 7. d5 {E15: Queen's Indian: 4 g3 sidelines, 4 g3 Ba6 and 4 g3 Bb7 early deviations} exd5 8. cxd5 Nxd5 9. O-O Be7 10. Rd1 Nc6 11. Qa4 Nf6 {LiveBook: 73 Games} 12. Nh4 O-O 13. Nf5 d5 {[#]} 14. Nc3 $146 {[%cal Rc3d5] [#]} Nd4 $1 {[%mdl 512]} 15. Nxd4 cxd4 16. Rxd4 Bc5 17. Rd1 Qe8 18. Qxe8 Rfxe8 19. e3 Rad8 20. Bd2 Ba6 21. Na4 Be7 22. Bc3 Bb5 {The position is equal.} 23. Bxf6 Bxf6 ({But not} 23... gxf6 $6 24. Nc3 $16) 24. Nc3 Bc4 25. Bxd5 Bxc3 26. Bxc4 Bxb2 27. Rab1 {Precision: White = 81%, Black = 60%.} 1/2-1/2

[Event "NOR-ch 2018"]
[Site "Moss"]
[Date "2018.07.12"]
[Round "7"]
[White "Djurhuus, Rune"]
[Black "Agdestein, Simen"]
[Result "1/2-1/2"]
[WhiteElo "2438"]
[BlackElo "2581"]
[Annotator "TA"]
[PlyCount "94"]
[EventDate "2018.07.06"]
[EventCountry "NOR"]
[SourceTitle "playchess.com"]
[Source "ChessBase"]
[SourceQuality "1"]

{[%evp 19,94,24,25,16,19,9,58,58,70,46,68,70,64,56,69,68,76,77,67,56,108,114,121,47,58,36,32,0,0,0,10,5,0,2,6,0,9,0,7,0,0,0,0,0,16,2,6,0,0,0,0,0,0,0,0,-115,0,0,0,-44,0,0,0,0,0,0,0,0,0,0,0,0,0,0,0,0,0]} 1. e4 c5 2. Nf3 Nc6 3. Nc3 d6 4. d4 cxd4 5. Nxd4 Nf6 6. Bc4 Bd7 7. Be3 Ng4 8. Nxc6 bxc6 9. Bf4 {B57: Classical Sicilian: Sozin with 6...Qb6} (9. Qf3 Ne5 10. Qe2 Nxc4 11. Qxc4 e6 12. O-O-O Be7 13. e5 d5 14. Qg4 g6 15. Na4 Qa5 16. Qd4 Rc8 {0-1 (94) Bosiocic,M (2591)-Li,C (2720) Doha 2016}) 9... e5 10. Bg3 Be7 {LiveBook: 5 Games} 11. h3 {White has an edge.} Nf6 12. O-O $146 ({Predecessor:} 12. Bb3 O-O 13. f4 g6 14. fxe5 Nh5 15. Bf2 dxe5 16. O-O Nf4 17. Ne2 Ne6 18. Bg3 f6 19. Qe1 Kg7 20. Rd1 Nc5 21. Nc3 Qc7 22. Na4 {½-½ (22) Quinteros,M-Lombardy,W Olot 1974}) 12... a5 13. f4 exf4 14. Bxf4 O-O 15. e5 $1 {[%cal Re5f6]} ({Much worse is} 15. Bxd6 Bg4 $15) 15... Qb6+ 16. Kh1 dxe5 17. Bxe5 Be6 18. Bxe6 fxe6 19. Qe2 Rae8 (19... Qa6 $14) 20. Rad1 $16 Qb7 21. Ne4 (21. b3 $16) 21... Qb5 $14 22. Nxf6+ (22. Qxb5 {keeps more tension.} cxb5 23. Nd6 Rb8 24. Rfe1 Rb6 25. c4) 22... Bxf6 23. Qxb5 (23. Rfe1 {feels hotter.} Qxe2 24. Rxe2 Bxe5 25. Rxe5 Rf5 26. Re2) 23... cxb5 24. Bxf6 gxf6 {[%mdl 4096] Endgame KRR-KRR} 25. Rd6 Kf7 26. Rfd1 Re7 27. Rc6 Rg8 28. Rc5 Rb7 29. Kg1 f5 30. Rd2 Kf6 31. Rc6 h5 32. Re2 Re8 33. Kf2 h4 34. c3 f4 35. Kf3 Kf5 36. Re4 e5 37. Rh6 (37. Rc5 $1 $11 Kf6 38. b3) 37... Kg5 ({Black should play} 37... Rg7 $17 38. Rh5+ Rg5 39. Rxg5+ Kxg5) 38. Rd6 Kf5 39. Rh6 Kg5 40. Rd6 {The position is equal.} Ree7 41. Rd5 Kf6 42. Re2 Kf5 43. Re4 Rb8 44. Rc5 {[#] aiming for Rxf4+.} Kf6 45. Re2 Kf5 46. Re4 {Hoping for Rxf4+.} Kf6 47. Re2 Kf5 {Precision: White = 60%, Black = 54%.} 1/2-1/2

[Event "NOR-ch 2018"]
[Site "Moss"]
[Date "2018.07.12"]
[Round "7"]
[White "Hauge, Lars Oskar"]
[Black "Tari, Aryan"]
[Result "1/2-1/2"]
[WhiteElo "2434"]
[BlackElo "2615"]
[Annotator "TA"]
[PlyCount "34"]
[EventDate "2018.07.06"]
[EventCountry "NOR"]
[SourceTitle "playchess.com"]
[Source "ChessBase"]
[SourceQuality "1"]

{[%evp 17,34,22,22,13,35,25,25,23,25,25,30,21,24,35,43,48,48,45,54]} 1. e4 e5 2. Nf3 Nc6 3. Bc4 Nf6 4. d3 h6 5. O-O d6 6. c3 g5 {C55: Two Knights: 4 d3, 4 d4 exd4 5 e5 and Max Lange Attack} 7. Bb3 (7. a4 Bg7 8. Re1 O-O 9. h3 d5 10. exd5 Nxd5 11. Nbd2 a6 12. Ne4 Nf4 13. a5 b5 14. axb6 cxb6 {1-0 (43) Karjakin,S (2782)-Mamedyarov,S (2808) Paris 2018}) 7... Bg7 8. Nbd2 O-O 9. Nc4 Be6 {LiveBook: 5 Games} 10. h3 $146 ({Predecessor:} 10. h4 g4 11. Nh2 d5 12. exd5 Nxd5 13. Nxg4 Qxh4 14. Nce3 Nce7 15. Nxd5 {½-½ (15) Ragger,M (2668)-Hammer,J (2621) Norway 2018}) 10... Qd7 11. Ne3 a6 12. Nh2 Ne7 13. Nhg4 Nh7 14. Bxe6 Qxe6 15. Qf3 c6 {White is slightly better.} 16. Nf5 Nxf5 17. exf5 Qd5 {Precision: White = 85%, Black = 71%.} 1/2-1/2

[Event "NOR-ch 2018"]
[Site "Moss"]
[Date "2018.07.12"]
[Round "7"]
[White "Haug, Johannes"]
[Black "Gronn, Atle"]
[Result "1-0"]
[WhiteElo "2403"]
[BlackElo "2352"]
[Annotator "ChessBase"]
[PlyCount "81"]
[EventDate "2018.07.06"]
[EventCountry "NOR"]
[SourceTitle "playchess.com"]
[Source "ChessBase"]
[SourceQuality "1"]

1. d4 d6 2. e4 g6 3. Nc3 c6 4. f4 d5 5. e5 h5 6. Nf3 Nh6 7. Be3 Bg4 8. Be2 Nf5 9. Bf2 e6 10. Qd2 Nd7 11. g3 h4 12. O-O-O Qa5 13. Ng5 Bxe2 14. Qxe2 b5 15. g4 b4 16. Nb1 Nh6 17. Bxh4 Qxa2 18. h3 Be7 19. Qd3 c5 20. Nxe6 Bxh4 21. Nc7+ Ke7 22. dxc5 Nxc5 23. Qd4 Qa5 24. Nxd5+ Kf8 25. e6 Kg8 26. g5 Nxe6 27. Qe5 Qc5 28. Nf6+ Kg7 29. Nh5+ Kg8 30. Nf6+ Kg7 31. Rd5 Qc4 32. Nd2 Qa6 33. gxh6+ Kxh6 34. Rg1 Kg7 35. Nfe4+ Kg8 36. f5 Nf8 37. fxg6 Nxg6 38. Rd6 Qa1+ 39. Nb1 Rc8 40. Rdxg6+ fxg6 41. Rxg6+ 1-0

[Event "NOR-ch 2018"]
[Site "Moss"]
[Date "2018.07.12"]
[Round "7"]
[White "Kaasen, Tor Fredrik"]
[Black "Vestby-Ellingsen, Mads"]
[Result "1-0"]
[WhiteElo "2396"]
[BlackElo "2429"]
[Annotator "ChessBase"]
[PlyCount "85"]
[EventDate "2018.07.06"]
[EventCountry "NOR"]
[SourceTitle "playchess.com"]
[Source "ChessBase"]
[SourceQuality "1"]

1. d4 Nf6 2. c4 g6 3. f3 Nc6 4. d5 Ne5 5. e4 d6 6. Nc3 Bg7 7. Be3 O-O 8. Qd2 c6 9. g4 e6 10. g5 Ne8 11. O-O-O exd5 12. cxd5 c5 13. h4 f5 14. gxf6 Nxf6 15. Be2 a6 16. Nh3 b5 17. Ng5 b4 18. Nb1 Nh5 19. Ne6 Bxe6 20. dxe6 Qf6 21. b3 Nxf3 22. Bxf3 Qxf3 23. e7 Rfe8 24. Bg5 Ng3 25. Rhe1 Bd4 26. Qc2 Kg7 27. Qc4 h6 28. Rf1 Qe2 29. Rf7+ Kh8 30. Qxd4+ cxd4 31. Bf6+ Kg8 32. Rg7+ Kh8 33. Rxg6+ Kh7 34. Rg7+ Kh8 35. Rxg3+ Kh7 36. Rg7+ Kh8 37. Rg2+ Kh7 38. Rxe2 Kg6 39. Rf1 Rac8+ 40. Kd2 Kf7 41. Rg2 Ke6 42. Rg6 Rg8 43. Rxg8 1-0

[Event "NOR-ch 2018"]
[Site "Moss"]
[Date "2018.07.12"]
[Round "7"]
[White "Fossan, Petter"]
[Black "Grundekjon, Christian"]
[Result "1-0"]
[WhiteElo "2321"]
[BlackElo "2100"]
[Annotator "NA"]
[PlyCount "91"]
[EventDate "2018.07.06"]
[EventCountry "NOR"]
[SourceTitle "playchess.com"]
[Source "ChessBase"]
[SourceQuality "1"]

1. e4 c5 2. c3 d6 3. Nf3 Nf6 4. Be2 g6 5. O-O Bg7 6. Bb5+ Bd7 7. Bxd7+ Nbxd7 8. Re1 O-O 9. d4 cxd4 {B50: Sicilian: 2...d6, Miscellaneous} (9... Rc8 10. e5 dxe5 11. dxe5 Ng4 12. e6 Nde5 13. Nxe5 Nxe5 14. Qb3 Qc7 15. Nd2 c4 16. Qc2 f5 17. b3 cxb3 18. Qxb3 {0-1 (34) Akopian,V (2675)-Bok,B (2598) Doha 2016}) 10. cxd4 d5 11. e5 Ne4 12. Qb3 Nb6 13. Nbd2 Nxd2 14. Bxd2 Qd7 15. a4 Nc4 16. Bc3 $146 ({Predecessor:} 16. Bb4 a5 17. Bc3 Rfc8 18. Qd1 e6 19. Qd3 b5 20. axb5 {½-½ (20) Preissmann,E (2330)-Lukov,V (2395) Geneve 1993}) 16... e6 17. Qc2 Rfc8 18. Qd3 Qc6 19. h4 Nb6 20. Qd1 Nd7 21. h5 a6 22. g3 b5 23. Kg2 Rab8 24. Qe2 b4 25. Bd2 Qc4 26. Qe3 a5 27. b3 Qc2 28. hxg6 hxg6 29. g4 Qc7 30. Rac1 Qd8 31. g5 Rxc1 32. Rxc1 Rc8 33. Rh1 Kf8 34. Nh2 Ke8 35. Ng4 Nf8 36. Qd3 Qb6 37. Rh3 Qc6 38. Nf6+ Bxf6 39. gxf6 Kd7 40. Rh8 g5 41. Bxg5 Kc7 42. Bh6 $18 Nd7 43. Rh7 Rg8+ 44. Kf3 Rg6 45. Bd2 Qa8 46. Qb5 1-0

[Event "NOR-ch 2018"]
[Site "Moss"]
[Date "2018.07.12"]
[Round "7"]
[White "Hobber, Anders"]
[Black "Hole, Oystein"]
[Result "1-0"]
[WhiteElo "2312"]
[BlackElo "2324"]
[Annotator "NA"]
[PlyCount "57"]
[EventDate "2018.07.06"]
[EventCountry "NOR"]
[SourceTitle "playchess.com"]
[Source "ChessBase"]
[SourceQuality "1"]

1. d4 d5 2. c4 c6 3. Nf3 Nf6 4. e3 e6 5. Nbd2 Nbd7 6. b3 Bd6 7. Bb2 O-O 8. Bd3 b6 9. O-O Bb7 10. Ne5 Qe7 11. f4 c5 12. cxd5 exd5 13. Qf3 Rfd8 14. Qh3 cxd4 15. exd4 Bb4 16. Ndf3 h6 17. Ng5 hxg5 18. fxg5 Ne4 19. Bxe4 dxe4 20. g6 fxg6 21. Nxg6 Qf6 22. Rxf6 gxf6 23. Qh8+ Kf7 24. Qh7+ Ke6 25. d5+ Kxd5 26. Nf4+ Kc5 27. Qf5+ Kd6 28. Rd1+ Kc7 29. Ne6+ 1-0

[Event "NOR-ch 2018"]
[Site "Moss"]
[Date "2018.07.12"]
[Round "7"]
[White "Tallaksen, Levi Andre"]
[Black "Ostenstad, Berge"]
[Result "0-1"]
[WhiteElo "2298"]
[BlackElo "2447"]
[Annotator "TA"]
[PlyCount "138"]
[EventDate "2018.07.06"]
[EventCountry "NOR"]
[SourceTitle "playchess.com"]
[Source "ChessBase"]
[SourceQuality "1"]

{[%evp 22,138,61,61,69,33,46,39,72,57,91,81,93,68,97,34,47,-38,-41,-39,-14,-29,-29,-33,-21,-16,0,-23,12,0,0,0,0,0,0,0,0,0,0,0,0,0,12,19,20,10,15,-107,-108,-151,-147,-278,-270,-302,-294,-287,-273,-285,-266,-357,-322,-459,-455,-457,-444,-509,-509,-498,-341,-506,-464,-531,-473,-865,-857,-1131,-1100,-2008,-1657,-2505,-1811,-1689,-436,-427,-429,-366,-278,-29979,-29980,-29980,-29981,-29981,-29982,-29982,-29983,-29983,-29984,-29983,-29984,-29984,-29985,-29988,-29983,-29990,-29991,-29991,-29992,-29992,-29993,-29994,-29994,-29996,-29997,-29997,-29997,-29997,-29995,-29995,-29996]} 1. d4 Nf6 2. c4 e6 3. Nf3 b6 4. a3 Ba6 5. Qc2 Bb7 6. Nc3 c5 7. e4 cxd4 8. Nxd4 d6 9. Be2 Be7 10. O-O a6 {E12: Damenindisch (Petrosjan-System und 4. oder 5.Lg5)} (10... O-O 11. Be3 Nbd7 12. f3 a6 13. Rfc1 Rc8 14. Bf1 d5 15. exd5 exd5 16. Nf5 dxc4 17. Nxe7+ Qxe7 18. Re1 b5 19. Rad1 {½-½ (47) Jakovenko,D (2704)-Zhigalko,S (2671) Doha 2016}) 11. Be3 Nbd7 12. f4 {LiveBook: 3 Partien} Qc7 {Weiß steht etwas besser.} 13. b3 $146 ({Vorgänger:} 13. Rac1 Rc8 14. Qb1 Qb8 15. f5 e5 16. Nb3 h6 17. Nd2 {0-1 (43) Rosko,L (2387)-Stocek,J (2559) Zdar nad Sazavou 2008}) 13... O-O 14. Bf3 Rfe8 15. g4 e5 16. Nf5 {Und weiter mit g5 wäre nett.} exf4 17. Bxf4 {g5 ist eine echte Drohung.} Ne5 18. g5 (18. Bxe5 $16 dxe5 19. g5) 18... Nfd7 $14 19. Nd5 (19. Be2 $14) 19... Bxd5 $1 $15 20. exd5 Bf8 21. Kh1 b5 {[%cal Rb5c4]} 22. Nd4 bxc4 {Droht ...Db6 und aus.} 23. Nc6 g6 24. bxc4 Bg7 25. Rab1 Nc5 26. Bg2 Ned3 27. Bg3 Re3 28. Qd2 Rae8 29. Rb8 $1 {Droht stark Dxe3.} Bf8 $1 30. Rxe8 Rxe8 31. Rf3 Qb6 32. Qd1 Nb2 {[%cal Bd3b2,Bb2c4,Bc4e3][%mdl 32]} 33. Qf1 Qb7 34. Be1 {[#]} (34. h4 $11 {bleibt in der Remisbreite.}) 34... Nxc4 $1 $17 {[%mdl 512]} 35. Bc3 (35. Qxc4 Rxe1+) 35... Ne3 (35... Nxa3 36. Rf2 $17) 36. Qe1 (36. Nd8 $17 Nxf1 37. Nxb7) 36... Nd3 $19 37. Rxe3 Rxe3 ({Und nicht} 37... Nxe1 38. Rxe8 Nxg2 39. Bf6 $11) 38. Qxe3 Qb1+ 39. Be1 Nxe1 40. Bf1 Nc2 41. Qg1 {[#]} (41. Qd3 {ist eine bessere Verteidigung.} Qc1 42. Qc4) 41... Ne3 $1 {[%mdl 512]} 42. Bg2 (42. Qxe3 Qxf1+) 42... Qd3 43. Nb4 Qxa3 44. Be4 Nc4 ({Viel schwächer ist} 44... Qxb4 45. Qxe3 a5 46. Bc2 $19) 45. Qe1 (45. Nc2 $142 Qh3 46. Qg3 Qf1+ 47. Qg1) 45... a5 {[%cal Ba6a5,Ba5a4,Ba4a3][%mdl 32]} 46. Nd3 Qb3 47. h4 (47. Nc1 $142 Qb2 48. Qd1) 47... a4 48. h5 a3 49. hxg6 hxg6 50. Bxg6 Ne5 ({Nicht} 50... fxg6 51. Qe6+ Kh7 52. Qh3+ Kg8 53. Qe6+ Kh7 54. Qh3+ Kg8 55. Qe6+ $11) 51. Nxe5 Qxd5+ (51... Qh3+ $142 52. Kg1 dxe5 53. Bxf7+ Kxf7 54. Qf2+ Kg8) 52. Be4 Qxe5 53. Qh4 {[%csl Ge4][%cal Rh4h7]} Bg7 54. g6 $2 (54. Bh7+ $19 Kf8 55. Qc4) 54... a2 {Schwarz setzt Matt.} 55. gxf7+ Kf8 56. Qd8+ Kxf7 57. Qc7+ Kf6 58. Qd8+ {[#]} Qe7 $1 59. Qa8 Kg5 60. Qa5+ Qe5 61. Qd2+ Kh4 62. Qf2+ Qg3 63. Qxa2 Qe1+ 64. Kg2 Qxe4+ 65. Kg1 Bd4+ 66. Kh2 Qf4+ 67. Kg2 Qg4+ 68. Kf1 Qf3+ 69. Ke1 Bc3+ {Precision: Weiß = 41%, Schwarz = 64%.} 0-1

[Event "NOR-ch 2018"]
[Site "Moss"]
[Date "2018.07.12"]
[Round "7"]
[White "Mikalsen, Erlend"]
[Black "Bentsen, Håkon"]
[Result "1/2-1/2"]
[WhiteElo "2292"]
[BlackElo "2143"]
[Annotator "NA"]
[PlyCount "79"]
[EventDate "2018.07.06"]
[EventCountry "NOR"]
[SourceTitle "playchess.com"]
[Source "ChessBase"]
[SourceQuality "1"]

1. e4 e5 2. Nf3 Nc6 3. Bb5 a6 4. Ba4 Nf6 5. O-O Be7 6. Re1 b5 7. Bb3 O-O 8. c3 d5 9. exd5 Nxd5 10. Nxe5 Nxe5 11. Rxe5 c6 12. d3 Bd6 13. Re1 Bf5 14. Qf3 Re8 15. Rxe8+ Qxe8 16. Nd2 Qe1+ 17. Nf1 Bg6 18. Bxd5 cxd5 19. Qxd5 Rd8 20. Bg5 Qxa1 21. Bxd8 Bxh2+ 22. Kxh2 Qxf1 23. Bb6 h6 24. Qa8+ Kh7 25. Qxa6 Bxd3 26. a4 Qd1 27. Kg3 bxa4 28. Qb7 Qb3 29. Qd7 Qxb6 30. Qxd3+ Qg6+ 31. Qxg6+ Kxg6 32. Kf4 Kf6 33. Ke4 Ke6 34. Kd4 h5 35. f4 Kd6 36. Kc4 g6 37. Kb5 f6 38. Kb6 Kd5 39. Kb5 Kd6 40. Kb6 1/2-1/2

[Event "NOR-ch 2018"]
[Site "Moss"]
[Date "2018.07.12"]
[Round "7"]
[White "Al-Tarbosh, Ward"]
[Black "Ranaldi, Lucas"]
[Result "1/2-1/2"]
[WhiteElo "2283"]
[BlackElo "2289"]
[Annotator "NA"]
[PlyCount "120"]
[EventDate "2018.07.06"]
[EventCountry "NOR"]
[SourceTitle "playchess.com"]
[Source "ChessBase"]
[SourceQuality "1"]

1. e4 c6 2. Nf3 d5 3. Nc3 dxe4 4. Nxe4 Nf6 5. Nxf6+ exf6 6. Bc4 Bd6 7. Qe2+ Qe7 8. Qxe7+ {B11: Caro-Kann: Two Knights Variation} Kxe7 9. d4 (9. O-O Rd8 10. d4 Bg4 11. Nd2 Kf8 12. c3 Bf5 13. Re1 Nd7 14. Ne4 Be7 15. Ng3 Bg6 {0-1 (69) Karjakin,S (2785)-Nakamura,H (2779) Doha 2016}) 9... Be6 10. Bd3 Nd7 11. O-O Nb6 12. Re1 Kd7 13. c3 $146 ({Predecessor:} 13. b3 Bb4 14. Bd2 Bxd2 15. Nxd2 Kc7 {½-½ (37) Antoshin,V-Flohr,S Moscow (Russia) 1952}) 13... Rhe8 14. b3 Bg4 15. Bd2 Bxf3 16. gxf3 Nd5 17. Re4 g6 18. c4 Nc7 19. b4 f5 20. Re3 a6 21. c5 Bf8 22. Bc4 Nd5 23. Bxd5 cxd5 24. Rae1 Bg7 25. a4 Bxd4 26. Rd3 Rxe1+ 27. Bxe1 Re8 28. Bd2 Be5 29. Rxd5+ Kc8 30. b5 axb5 31. axb5 Rd8 32. Rxd8+ Kxd8 33. Kf1 Kd7 34. f4 Bd4 35. Bb4 Ke6 36. c6 bxc6 37. bxc6 Bb6 38. Ke2 Kd5 39. Kf3 Kxc6 40. Bd2 Kd5 41. h3 Kc4 42. Ke2 Bc5 43. Ba5 Kd4 44. Bc7 Ke4 45. f3+ Kd5 46. Ba5 Bd6 47. Bd2 Kd4 48. Be3+ Kc3 49. Bd2+ Kc2 50. Be3 Bc7 51. Bd2 Bb8 52. Be3 Bd6 53. Bd2 Bc5 54. Ba5 Bg1 55. Bd2 h5 $2 56. Ba5 $1 Bh2 57. Bd2 Bg1 $11 ({Black should play} 57... Bg3 $17 58. Be3 Kc3 59. Bd2+ Kd4) 58. Ba5 Bc5 59. Bd2 Ba3 60. Ba5 Bc1 1/2-1/2